Kvantilové modely individuálych škôd

Teoretický princíp a aplikačná ukážka modelovania individuálnej výšky škôd použitím kvantilových funkcií. Výhody kvantilových modelov a ich užitočnosť pre poistnú prax. Ďalšie výhody definovania rozdelenia poistných škôd v tvare kvantilovej funkcie.

Gespeichert in:
Bibliographische Detailangaben
1. Verfasser: Pacáková, Viera
Weitere Verfasser: Sipková, Ľubica, 1962-
Format: Buchkapitel
Sprache:Slowakisch
Schlagworte:
Tags: Tag hinzufügen
Keine Tags, Fügen Sie das erste Tag hinzu!

MARC

LEADER 00000nla$a2200000$$$4500
001 0143280
005 20240502072552.9
041 0 |a slo 
044 |a SK 
245 1 0 |a Kvantilové modely individuálych škôd  |c Viera Pacáková, Ľubica Sipková 
520 |a Teoretický princíp a aplikačná ukážka modelovania individuálnej výšky škôd použitím kvantilových funkcií. Výhody kvantilových modelov a ich užitočnosť pre poistnú prax. Ďalšie výhody definovania rozdelenia poistných škôd v tvare kvantilovej funkcie. 
610 2 0 |a poisťovníctvo 
610 2 0 |a poisťovne 
610 2 0 |a poistenie 
610 2 0 |a riziko poistné 
610 2 0 |a hodnota poistná 
610 2 0 |a metódy aktuárske 
610 2 0 |a matematika poistná 
610 2 0 |a funkcie matematické 
610 2 0 |a metóda Monte Carlo 
610 2 0 |a simulácia 
100 1 |a Pacáková, Viera 
700 1 |a Sipková, Ľubica, 1962-